Aprende a ser un buen ecólogo / (Registro nro. 11752)

Detalles MARC
000 -LIDER
fixed length control field 00648nam a2200217 4500
003 - IDENTIFICACDOR DE NÚMERO DE CONTROL
control field DO-SdBNP
005 - DATE AND TIME OF LATEST TRANSACTION
control field 20180221133750.0
008 - ELEMENTOS DE LONGITUD FIJA
fixed length control field 161101b 1993 ck a 00| 0 spa d
020 ## - ISBN
International Standard Book Number 9580421897
040 ## - FUENTE DE CATALOGACIÓN
Agencia que crea de manera original el registro BPMSU
Idioma de catalogación spa
Agencia que realiza la transcripción BPMSU
082 #4 - NÚMERO DE CLASIFICACIÓN DECIMAL DE DEWEY
Classification number xxxx
Item number xxxx
100 1# - ASIENTO PRINCIPAL -- NOMBRE PERSONAL
Nombre personal Stidworthy, John
245 1# - MENCIÓN DE TITULO
Título Aprende a ser un buen ecólogo /
Mención de responsabilidad John Stidworthy ; ilustración Alex Pang ; editado por Catherine Warren
260 ## - PUBLICACIÓN, DISTRIBUCIÓN, ETC. (PIE DE IMPRENTA)
Lugar de publicación, distribución, etc Quito, Ecuador :
Nombre del editor, distribuidor, etc. Parramón ,
Fecha de publicación, distribución, etc 1993.
300 ## - DESCRIPCIÓN FÍSICA
Extensión 32 p. :
Otros detalles físicos il. ;
Dimensiones 29 cm.
700 1# - ASIENTO SECUNDARIO -- NOMBRE PERSONAL
Nombre personal Pang, Alex,
Mención de responsabilidad il.
700 1# - ASIENTO SECUNDARIO -- NOMBRE PERSONAL
Nombre personal Warren, Catherine,
Mención de responsabilidad ed.
942 ## - ADDED ENTRY ELEMENTS (KOHA)
Source of classification or shelving scheme Dewey Decimal Classification
Koha item type Libros
945 ## - INFORMACIÓN DE PROCESAMIENTO LOCAL
Información de procesamiento local Inventariado, 2018 / BT
956 ## - LOCAL ELECTRONIC LOCATION AND ACCESS (OCLC)
Nombre de host dgarcia
Existencias
Withdrawn status Lost status Source of classification or shelving scheme Damaged status Not for loan Collection code Home library Current library Date acquired Source of acquisition Total Checkouts Full call number Barcode Date last seen Price effective from Koha item type
    Dewey Decimal Classification     Colección Infantil General Biblioteca Pública Metropolitana Salomé Ureña Biblioteca Pública Metropolitana Salomé Ureña 11/01/2016 Agencia de Cooperación Internacional del Japón   xxxx xxxx BPMSU16110017 11/01/2016 11/01/2016 Libros